00233nam a2200085Ia 450000100070000000500170000700800410002424500570006526000250012267998120250826161333.0250824s9999 xx 000 0 und d 0aPAMUK PRENSES VE YEDİ CÜCELERcGRIMM KARDEŞLER bKARATAY GENÇLİK